Normal view MARC view

Entry Nombre personal

Number of records used in: 1

001 - NÚMERO DE CONTROL

  • campo de control: 744

003 - IDENTIFICADOR DE NÚMERO DE CONTROL

  • campo de control: AR-BaBN

005 - FECHA Y HORA DE LA ÚLTIMA TRANSACCIÓN

  • campo de control: 20260304090413.0

008 - ELEMENTOS DE DATO DE LONGITUD-FIJA

  • campo de control de longitud fija: 901120nn aznnnaabn a aaa |d

016 7# - NÚMERO DE CONTROL DE UNA AGENCIA BIBLIOGRÁFICA NACIONAL

  • Número de control del registro: 000046789
  • Fuente: AR-BaBN

024 7# - IDENTIFICADOR DE OTROS ESTÁNDARES

  • Número estándar o código: 95153547
  • Fuente: viaf
  • URI de un objeto del mundo real: http://viaf.org/viaf/95153547

040 ## - FUENTE DE CATALOGACIÓN

  • Centro catalogador/agencia de origen: SpMaBN
  • Lengua de catalogación: spa
  • Centro/agencia transcriptor: SpMaBN
  • Normas de descripción: rdc
  • Convención/Normas de encabezamiento de materia/tesauro: embne
  • Centro/agencia modificador: AR-BaBN
  • Normas de descripción: aacr

043 ## - CÓDIGO DE ÁREA GEOGRÁFICA

  • Código de área geográfica: e-fr---

046 ## - FECHAS CON CODIFICACIÓN ESPECIAL

  • Fecha de nacimiento: 1533
  • Fecha de la muerte: 1892
  • Fuente del esquema de fecha: edtf

075 ## - TIPO DE ENTIDAD

  • Término tipo de entidad: persona
  • Fuente: rda

100 1# - ENCABEZAMIENTO-NOMBRE DE PERSONA

  • Nombre de persona: Montaigne, Michel de,
  • Fechas asociadas al nombre: 1533-1592

370 ## - LUGAR ASOCIADO

  • Lugar de nacimiento: Périgord (Francia)
  • Lugar de fallecimiento: Burdeos (Francia)

372 ## - CAMPO DE ACTIVIDAD

  • Campo de actividad: Literatura
  • Campo de actividad: Ensayo
  • Campo de actividad: Abogacía

374 ## - OCUPACIÓN

  • Ocupación: Escritores
  • Ocupación: Abogados

375 ## - GÉNERO/SEXO

  • Género: Varón

377 ## - IDIOMA ASOCIADO

  • Código del idioma: fre
  • Término de lengua/lenguaje: francés

400 1# - TRAZADO DE VÉASE--NOMBRE DE PERSONA

  • Nombre de persona: Montagne, Michel de,
  • Fechas asociadas al nombre: 1533-1592

400 1# - TRAZADO DE VÉASE--NOMBRE DE PERSONA

  • Nombre de persona: Montaigne, Michel Eyquem de,
  • Fechas asociadas al nombre: 1533-1592

400 1# - TRAZADO DE VÉASE--NOMBRE DE PERSONA

  • Nombre de persona: Montaigne, Miguel de,
  • Fechas asociadas al nombre: 1533-1592

400 1# - TRAZADO DE VÉASE--NOMBRE DE PERSONA

  • Nombre de persona: Montaigne,
  • Fechas asociadas al nombre: 1533-1592

670 ## - FUENTE DE DATOS ENCONTRADOS

  • Cita de la fuente: Essais, 1987.

670 ## - FUENTE DE DATOS ENCONTRADOS

  • Cita de la fuente: Cómo vivir, 2011:
  • Información encontrada: port. (una vida con Montaigne)

670 ## - FUENTE DE DATOS ENCONTRADOS

  • Cita de la fuente: Dic. de escritores célebres, 1995:
  • Información encontrada: (Montaigne, Michel Eyquem de; escritor francés (castillo de Montaigne, Périgord, 1533-Burdeos, 1592))

670 ## - FUENTE DE DATOS ENCONTRADOS

  • Cita de la fuente: Diario del viaje a Italia, 1994:
  • Información encontrada: port. (Michel de Montaigne) sobrecub. (Michel (Eyquem) de Montaigne, 1533 - 1592; jurista, pensador e inventor del ensayo moderno)